000 00488nam a22001697a 4500
005 20251108170901.0
008 250721s1999 xx 000 0 ara d
082 1 4 _aط/372.7/داه
100 1 _aداهلباك، هلينا
245 1 0 _aهذا كتابي :
_bكتاب الحساب /
264 1 _aستوكهولم :
_bدار المني،
_c1999.
300 _a26ص
650 1 7 _aالحساب
700 1 _aالظاهر، محمد
_eترجمة
942 _2ddc
_cBK
999 _c51260
_d51260